Η γνωστική ψυχολογία σήμερα: γέφυρες για τη μελέτη της νόησης : πρακτικά 1ου πανελληνίου συνεδρίου γνωστικής ψυχολογίας στην Αλεξανδρούπολη, 4-7 Νοεμβρίου 2004

Saved in:
Bibliographic Details
Corporate Authors: Πανελλήνιο συνέδριο γνωστικής ψυχολογίας Αλεξανδρούπολη), Δημοκρίτειο Πανεπιστήμιο Θράκης. Σχολή Επιστημών Αγωγής. Τμήμα Επιστημών της Εκπαίδευσης στην Προσχολική Ηλικία, Δημοκρίτειο Πανεπιστήμιο Θράκης. Σχολή Επιστημών Αγωγής. Παιδαγωγικό Τμήμα Δημοτικής Εκπαίδευσης, Ελληνική Ψυχολογική Εταιρεία Κλάδος γνωστικής ψυχολογίας
Other Authors: Δεσλή, Δέσποινα (Author of introduction, etc., edtf), Μακρής, Νίκος Αλ., 1947- (Editor, Author of introduction, etc.)
Format: Conference Proceeding Book
Language:Greek
Published: Αθήνα : Τυπωθήτω - Γιώργος Δαρδανός, 2004.
Subjects:
Tags: Add Tag
No Tags, Be the first to tag this record!

MARC

LEADER 00000cam a2200000 a 4500
001 1/118013
008 190206s2004####gr | ||| |||| ||gre||
020 |a 9604021702 
040 |a GR-MyUa  |b gre  |c GR-MyUa  |e AACR2 
041 0 |a gre 
082 7 |a 370.1523   |2 (23) 
111 2 |a Πανελλήνιο συνέδριο γνωστικής ψυχολογίας   |n (1ο :   |d 4-7 Νοεμβρίου 2004 :   |c Αλεξανδρούπολη) . 
245 1 2 |a Η γνωστική ψυχολογία σήμερα: γέφυρες για τη μελέτη της νόησης :   |b πρακτικά 1ου πανελληνίου συνεδρίου γνωστικής ψυχολογίας στην Αλεξανδρούπολη, 4-7 Νοεμβρίου 2004 /   |c επιμέλεια: Νίκος Μακρής και Δέσποινα Δεσλή.  
246 1 |i [Άλλες παραλλαγές του τίτλου]:   |a 1ο πανελλήνιο συνέδριο της γνωστικής ψυχολογίας στην Αλεξανδρούπολη, στις 4-7 Νοεμβρίου 2004  
260 |a Αθήνα :   |b Τυπωθήτω - Γιώργος Δαρδανός,   |c 2004.  
300 |a 541 σ. :   |b σχήμ., πίν. ;   |c 24 εκ.  
504 |a Περιλαμβάνει βιβλιογραφίες.  
650 0 |a Cognitive learning theory  |x Congresses. 
650 0 |a Cognitive psychology. 
650 0 |a Learning, Psychology of  |x Congresses. 
700 1 |a Δεσλή, Δέσποινα,  |e edtf  |e aui 
700 1 |a Μακρής, Νίκος Αλ.,   |d 1947-  |e edt  |e aui 
710 2 |a Δημοκρίτειο Πανεπιστήμιο Θράκης.   |b Σχολή Επιστημών Αγωγής.   |b Τμήμα Επιστημών της Εκπαίδευσης στην Προσχολική Ηλικία. 
710 2 |a Δημοκρίτειο Πανεπιστήμιο Θράκης.   |b Σχολή Επιστημών Αγωγής.   |b Παιδαγωγικό Τμήμα Δημοτικής Εκπαίδευσης. 
710 2 |a Ελληνική Ψυχολογική Εταιρεία  |b Κλάδος γνωστικής ψυχολογίας. 
852 |a INST  |b RHODES  |e 20190206  |h 370.1523 ΓΝΩ  |p 005400040412  |q 005400040412  |t BK  |y 0 
970 |a Μαρία  |b Κωτάκου  |z 06-02-2019